| 000 | 00537nam a2200193Ia 4500 | ||
|---|---|---|---|
| 001 | 14665 | ||
| 003 | GE_BSU | ||
| 008 | 181216s||||||||xx |||||||||||||| ||und|| | ||
| 040 | _cGE_BSU | ||
| 080 | _a821.353.1-31 | ||
| 100 | _aქიაჩელი,ლეო | ||
| 245 | _aგვადი ბიგვა | ||
| 260 | _aთბილისი | ||
| 260 | _bლიტერატურა და ხელოვნება | ||
| 260 | _c1963 | ||
| 300 | _a255გვ.20სმ. | ||
| 653 | _aგვადი ბიგვა | ||
| 942 | _cBK | ||
| 999 |
_c47791 _d47791 |
||